| 000 | 00808cam a2200193 4500 | ||
|---|---|---|---|
| 001 | ABS60731 | ||
| 008 | 000000n1999 000 0 eng u | ||
| 035 | _a(Sirsi) u101224 | ||
| 100 | _aBell, J. | ||
| 245 | _aFacilities management - the new order. | ||
| 260 | _c1999 | ||
| 490 |
_aFacilities Management _v6(5) June 1999, 12-13(2) |
||
| 520 | _aOutlines recent changes in grades and qualifications introduced by the British Institute of Facilities Management (BIFM). The changes are intended to encourage practitioners to obtain formal qualifications if they want to achieve full recognition in the marketplace. | ||
| 650 |
_aFACILITIES MANAGEMENT _96240 |
||
| 650 | _aQUALIFICATIONS | ||
| 650 | _aBRITISH INSTITUTE OF FACILITIES MANAGEMENT | ||
| 690 | _aCOMMERCIAL PROPERTY-MANAGEMENT | ||
| 942 | _n0 | ||
| 999 |
_c60380 _d60380 |
||